| 000 | 00558nam a2200181Ia 4500 | ||
|---|---|---|---|
| 008 | 090122s9999 xx 000 0 und d | ||
| 082 | _b12601 | ||
| 100 |
_aसाने _bहेमा |
||
| 245 | _aआपले हिरवे मित्र | ||
| 260 |
_bमधुराज _c2007 |
||
| 300 | _a46 | ||
| 501 | _aदिलीपराज प्रकाशन | ||
| 600 | _aसाने | ||
| 630 | _aआपले हिरवे मित्र | ||
| 700 | _aसाने | ||
| 730 | _aआपले हिरवे मित्र | ||
| 942 | _cBOOK | ||
| 999 |
_c36678 _d36678 |
||